[Event "ESP-ch Seniora 50"]
[Site "Altea"]
[Date "2022.11.03"]
[Round "6"]
[White "Cantero Navarro, Antonio"]
[Black "Vella Ramirez, Alfonso"]
[Result "1-0"]
[WhiteElo "2146"]
[BlackElo "1980"]
[PlyCount "53"]
[EventDate "2022.10.29"]
[EventType "swiss"]
[EventRounds "9"]
[EventCountry "ESP"]
[SourceTitle "EXT 2024"]
[Source "ChessBase"]
[SourceDate "2023.10.10"]
[SourceVersion "1"]
[SourceVersionDate "2023.10.10"]
[SourceQuality "1"]
[WhiteTeam "Spain"]
[BlackTeam "Spain"]
[WhiteTeamCountry "ESP"]
[BlackTeamCountry "ESP"]

1. e4 e6 2. d4 d5 3. Nd2 c5 4. Ngf3 cxd4 5. Nxd4 Nc6 6. Nxc6 bxc6 7. Bd3 Bd6 8. Qe2 Qc7 9. Nf3 dxe4 10. Bxe4 Nf6 11. Bd3 Nd5 12. 0-0 0-0 13. Re1 Re8 14. c4 Nf4 15. Bxf4 Bxf4 16. Ne5 Bb7 17. Bxh7+ Kxh7 18. Qe4+ g6 19. Qxf4 Kg7 20. Nxg6 Qxf4 21. Nxf4 c5 22. Rad1 Rad8 23. Nd3 Rc8 24. f3 Red8 25. Kf2 Rd4 26. b3 Kf6 27. h3 1-0

[Event "ESP-ch Seniora 50"]
[Site "Altea"]
[Date "2022.10.29"]
[Round "1"]
[White "Monera Puente, Cesar"]
[Black "Cantero Navarro, Antonio"]
[Result "0-1"]
[WhiteElo "1855"]
[BlackElo "2146"]
[PlyCount "52"]
[EventDate "2022.10.29"]
[EventType "swiss"]
[EventRounds "9"]
[EventCountry "ESP"]
[SourceTitle "EXT 2024"]
[Source "ChessBase"]
[SourceDate "2023.10.10"]
[SourceVersion "1"]
[SourceVersionDate "2023.10.10"]
[SourceQuality "1"]
[WhiteTeam "Spain"]
[BlackTeam "Spain"]
[WhiteTeamCountry "ESP"]
[BlackTeamCountry "ESP"]

1. e4 c5 2. Nc3 Nc6 3. f4 g6 4. Nf3 Bg7 5. Bb5 Nd4 6. Bc4 e6 7. 0-0 Ne7 8. e5 d5 9. Nxd4 cxd4 10. Bb5+ Bd7 11. Bxd7+ Qxd7 12. Ne2 Nc6 13. a3 f6 14. exf6 Bxf6 15. d3 0-0 16. Bd2 Rf7 17. Ng3 Rc8 18. Rc1 Ne7 19. Bb4 Rc6 20. Bxe7 Bxe7 21. Qg4 Bf8 22. Nh1 Bh6 23. g3 e5 24. Qh4 Kg7 25. Rf2 Rf5 26. Rcf1 Rh5 0-1

[Event "ESP-ch Seniors 50"]
[Site "Altea"]
[Date "2021.11.06"]
[Round "8"]
[White "Cantero Navarro, Antonio"]
[Black "Lopez Orois, Jose Manuel"]
[Result "0-1"]
[WhiteElo "2178"]
[BlackElo "2034"]
[PlyCount "104"]
[EventDate "2021.10.31"]
[EventType "swiss"]
[EventRounds "9"]
[EventCountry "ESP"]
[SourceTitle "CBM 205 Extra"]
[Source "ChessBase"]
[SourceDate "2022.01.31"]
[SourceVersion "1"]
[SourceVersionDate "2022.01.31"]
[SourceQuality "1"]

1. e4 e6 2. d4 d5 3. Nd2 Nf6 4. e5 Nfd7 5. c3 c5 6. f4 Nc6 7. Ndf3 Qb6 8. a3 cxd4 9. cxd4 Be7 10. h4 a6 11. h5 f6 12. Bd3 fxe5 13. fxe5 Nf8 14. Ne2 Bd7 15. b4 Na7 16. Nc3 Bb5 17. Nxb5 axb5 18. Bg5 Qd8 19. Bxe7 Qxe7 20. Qe2 Nd7 21. Qc2 Nb6 22. Bxh7 Nc6 23. Bg6+ Kd7 24. 0-0 Rhf8 25. Rfb1 Nc4 26. a4 Rxf3 27. gxf3 Nxd4 28. Qg2 Ne3 29. Qh3 Qg5+ 30. Kh1 Rf8 31. Rg1 Qxe5 32. Bd3 Rh8 33. Bg6 Ne2 34. Rae1 Nf4 35. Qh2 Nxh5 36. f4 Ng3+ 37. Rxg3 Rxh2+ 38. Kxh2 Ng4+ 39. Rxg4 Qxe1 40. axb5 Qxb4 41. Bf7 Ke7 42. Bg8 Kf6 43. Bh7 Qxb5 44. Kg3 Qe2 45. Rg6+ Kf7 46. Rg5 b5 47. Re5 Qxe5 48. fxe5 g6 49. Kf4 Kg7 50. Kg5 Kxh7 51. Kf6 b4 52. Kxe6 b3 0-1

[Event "ESP-ch Seniors 50"]
[Site "Altea"]
[Date "2021.11.05"]
[Round "7"]
[White "Murcia Paredes, Angel"]
[Black "Cantero Navarro, Antonio"]
[Result "1/2-1/2"]
[WhiteElo "1996"]
[BlackElo "2178"]
[PlyCount "23"]
[EventDate "2021.10.31"]
[EventType "swiss"]
[EventRounds "9"]
[EventCountry "ESP"]
[SourceTitle "CBM 205 Extra"]
[Source "ChessBase"]
[SourceDate "2022.01.31"]
[SourceVersion "1"]
[SourceVersionDate "2022.01.31"]
[SourceQuality "1"]

1. d4 d5 2. Nf3 f5 3. c4 e6 4. Nc3 Nf6 5. Bf4 c6 6. e3 Bd6 7. Bxd6 Qxd6 8. cxd5 exd5 9. Rc1 0-0 10. Bd3 Be6 11. Ne5 Nbd7 12. f4 1/2-1/2

[Event "ESP-ch Seniors 50"]
[Site "Altea"]
[Date "2021.11.01"]
[Round "3"]
[White "Castellanos Bogalo, Antonio"]
[Black "Cantero Navarro, Antonio"]
[Result "1-0"]
[WhiteElo "1929"]
[BlackElo "2178"]
[PlyCount "123"]
[EventDate "2021.10.31"]
[EventType "swiss"]
[EventRounds "9"]
[EventCountry "ESP"]
[SourceTitle "CBM 205 Extra"]
[Source "ChessBase"]
[SourceDate "2022.01.31"]
[SourceVersion "1"]
[SourceVersionDate "2022.01.31"]
[SourceQuality "1"]

1. e4 c5 2. d4 cxd4 3. c3 d5 4. exd5 Qxd5 5. cxd4 Nc6 6. Nf3 e6 7. a3 Nf6 8. Nc3 Qd8 9. g3 Be7 10. Bg2 0-0 11. 0-0 Nd5 12. Nxd5 exd5 13. Ne5 Be6 14. Nxc6 bxc6 15. Be3 Rb8 16. Qc2 Qd7 17. Rfc1 Rfc8 18. b4 Bf5 19. Qc3 h5 20. h4 Bd6 21. Qd2 a5 22. bxa5 Rb3 23. Rc3 Rcb8 24. Rxb3 Rxb3 25. Qc1 Qb7 26. Bf1 Qc7 27. Bf4 Bxf4 28. Qxf4 Qxf4 29. gxf4 Bc8 30. a6 Rb6 31. a7 Bb7 32. a4 Kf8 33. a5 Rb4 34. Re1 Ba8 35. Bh3 Rb7 36. a6 Rxa7 37. Bf1 Rc7 38. Rb1 Ra7 39. Kg2 Ke7 40. Kf3 c5 41. dxc5 d4+ 42. Kg3 Kd7 43. Rb6 Kc7 44. Bd3 Bd5 45. f5 Bc6 46. Kf4 f6 47. Be4 Bxe4 48. Kxe4 Ra8 49. Kxd4 Rd8+ 50. Rd6 Re8 51. a7 Kb7 52. Rd7+ Kc6 53. Rxg7 Rd8+ 54. Kc4 Re8 55. Re7 Rg8 56. Re6+ Kb7 57. Rxf6 Kxa7 58. Rg6 Re8 59. f6 Re4+ 60. Kb5 Kb7 61. f7 Rf4 62. Rg7 1-0

[Event "Benidorm op U2300 17th"]
[Site "Benidorm"]
[Date "2018.12.05"]
[Round "7"]
[White "Cantero Navarro, Antonio"]
[Black "Davtyan, David"]
[Result "0-1"]
[WhiteElo "2202"]
[BlackElo "2299"]
[PlyCount "64"]
[EventDate "2018.11.30"]
[EventType "swiss"]
[EventRounds "10"]
[EventCountry "ESP"]
[SourceTitle "EXT 2022"]
[Source "ChessBase"]
[SourceDate "2021.10.06"]
[SourceVersion "1"]
[SourceVersionDate "2021.10.06"]
[SourceQuality "1"]

1. e4 c5 2. Nf3 d6 3. d4 cxd4 4. Nxd4 Nf6 5. Nc3 Nc6 6. Nxc6 bxc6 7. Bd3 g6 8. Bg5 Bg7 9. Qd2 Be6 10. 0-0 0-0 11. Rad1 Re8 12. b3 Ng4 13. Na4 Ne5 14. Be2 f5 15. exf5 Bxf5 16. c4 Nf7 17. Bh4 Qc7 18. f4 h5 19. h3 Qc8 20. Bd3 Bxd3 21. Qxd3 Qf5 22. Qf3 e5 23. Qxc6 exf4 24. Rde1 Bd4+ 25. Bf2 Be5 26. Bxa7 Rec8 27. Qb7 Rxa7 28. Qxa7 Ng5 29. Qf2 f3 30. h4 Qg4 31. Kh1 Bg3 32. gxf3 Qxh4+ 0-1

[Event "Benidorm op U2300 17th"]
[Site "Benidorm"]
[Date "2018.12.04"]
[Round "5"]
[White "Cantero Navarro, Antonio"]
[Black "Gonzalez Aguirre, Luis"]
[Result "1-0"]
[WhiteElo "2202"]
[BlackElo "2101"]
[PlyCount "49"]
[EventDate "2018.11.30"]
[EventType "swiss"]
[EventRounds "10"]
[EventCountry "ESP"]
[SourceTitle "EXT 2022"]
[Source "ChessBase"]
[SourceDate "2021.10.06"]
[SourceVersion "1"]
[SourceVersionDate "2021.10.06"]
[SourceQuality "1"]

1. e4 c6 2. c4 d5 3. exd5 cxd5 4. cxd5 Qxd5 5. Nc3 Qd8 6. Nf3 Nf6 7. Bc4 e6 8. d4 Be7 9. 0-0 0-0 10. Re1 Nbd7 11. Qe2 Nb6 12. Bd3 Nbd5 13. a3 Bd7 14. Nxd5 Nxd5 15. Qe4 g6 16. Bh6 Re8 17. Ne5 Bf8 18. Bd2 Rc8 19. Qf3 Qe7 20. h4 Bc6 21. h5 Qf6 22. Qg4 Be7 23. hxg6 hxg6 24. Nxg6 fxg6 25. Rxe6 1-0

[Event "Benidorm op U2300 16th"]
[Site "Benidorm"]
[Date "2017.12.09"]
[Round "10"]
[White "Cantero Navarro, Antonio"]
[Black "Moreno Ibanez, Miguel"]
[Result "1/2-1/2"]
[WhiteElo "2167"]
[BlackElo "2272"]
[PlyCount "102"]
[EventDate "2017.12.01"]
[EventType "swiss"]
[EventRounds "10"]
[EventCountry "ESP"]
[SourceTitle "EXT 2019"]
[Source "ChessBase"]
[SourceDate "2018.10.10"]
[SourceVersion "1"]
[SourceVersionDate "2018.10.10"]
[SourceQuality "1"]

1. e4 c5 2. Nf3 Nc6 3. d4 cxd4 4. Nxd4 e5 5. Nxc6 bxc6 6. Bd3 Bc5 7. 0-0 Ne7 8. Nc3 Ng6 9. Be3 Qe7 10. Qe2 0-0 11. Rae1 Rb8 12. Na4 Bxe3 13. fxe3 d6 14. Rf2 Be6 15. Ref1 Rb4 16. b3 d5 17. c3 Rbb8 18. b4 a5 19. Nc5 axb4 20. Na6 bxc3 21. Nxb8 Rxb8 22. exd5 cxd5 23. a4 Rb2 24. Qe1 Rxf2 25. Rxf2 Qb4 26. Qb1 Qxb1+ 27. Bxb1 d4 28. exd4 exd4 29. a5 Bc4 30. Rf5 d3 31. Rc5 d2 32. Bc2 Bd3 33. Bd1 c2 34. Rxc2 Bxc2 35. Bxc2 Ne5 36. a6 Nc6 37. Kf2 Kf8 38. Ke2 Ke7 39. Bxh7 d1Q+ 40. Kxd1 g6 41. Kd2 Kf8 42. Kc3 Kg7 43. Bxg6 fxg6 44. Kc4 Kf6 45. Kc5 Na7 46. Kb6 Nc8+ 47. Kc7 Na7 48. Kb7 Nb5 49. Kb6 Nd6 50. Kc6 Nc8 51. Kc7 Na7 1/2-1/2

[Event "Benidorm op U2300 16th"]
[Site "Benidorm"]
[Date "2017.12.08"]
[Round "9"]
[White "Rodriguez Alvarez, Vidal Hely"]
[Black "Cantero Navarro, Antonio"]
[Result "1/2-1/2"]
[WhiteElo "2256"]
[BlackElo "2167"]
[PlyCount "47"]
[EventDate "2017.12.01"]
[EventType "swiss"]
[EventRounds "10"]
[EventCountry "ESP"]
[SourceTitle "EXT 2019"]
[Source "ChessBase"]
[SourceDate "2018.10.10"]
[SourceVersion "1"]
[SourceVersionDate "2018.10.10"]
[SourceQuality "1"]

1. Nf3 d5 2. c4 c6 3. e3 Nf6 4. Nc3 e6 5. b3 Nbd7 6. Qc2 Bd6 7. Bb2 0-0 8. Be2 Re8 9. Rg1 e5 10. g4 dxc4 11. bxc4 e4 12. Nd4 Nc5 13. g5 Nfd7 14. f4 Nd3+ 15. Bxd3 exd3 16. Qxd3 Nc5 17. Qc2 Bxf4 18. Nce2 Be5 19. 0-0-0 a5 20. h4 Na6 21. a3 Nc5 22. Kb1 Qb6 23. Ka2 a4 24. Rb1 1/2-1/2

[Event "ESP-ch Seniors 50"]
[Site "Altea"]
[Date "2016.10.12"]
[Round "5"]
[White "Cantero Navarro, Antonio"]
[Black "Pastor Alonso de Prado, Emilio Alberto"]
[Result "1-0"]
[WhiteElo "2136"]
[BlackElo "2177"]
[PlyCount "79"]
[EventDate "2016.10.09"]
[EventType "swiss"]
[EventRounds "9"]
[EventCountry "ESP"]
[SourceTitle "EXT 2024"]
[Source "ChessBase"]
[SourceDate "2023.10.10"]
[SourceVersion "1"]
[SourceVersionDate "2023.10.10"]
[SourceQuality "1"]

1. e4 b6 2. d4 Bb7 3. Bd3 e6 4. Nf3 Nf6 5. e5 Ne4 6. 0-0 d5 7. Ne1 f5 8. g3 Be7 9. Ng2 0-0 10. f3 Ng5 11. Nf4 Qd7 12. c3 c5 13. Be3 Ba6 14. Bxa6 Nxa6 15. a3 Nf7 16. h4 Nc7 17. Nd2 c4 18. Rf2 b5 19. Rh2 a5 20. g4 fxg4 21. fxg4 b4 22. a4 Rab8 23. g5 Nd8 24. Qg4 bxc3 25. bxc3 Rb2 26. Rg2 Rc2 27. g6 h6 28. Ne2 Rf5 29. Nf1 Nc6 30. Nfg3 Rf8 31. Bxh6 gxh6 32. g7 Rf7 33. Nh5 Qe8 34. Rb1 Nd8 35. Rb8 Rf5 36. Nhf4 Qf7 37. Ng6 Rf1+ 38. Kh2 Ne8 39. Nxe7+ Qxe7 40. Rxd8 1-0

[Event "Alicante-ch (Women) and Seniors"]
[Site "Altea"]
[Date "2016.04.03"]
[Round "3"]
[White "Serarols Mabras, Bernat"]
[Black "Cantero Navarro, Antonio"]
[Result "1/2-1/2"]
[WhiteElo "2212"]
[BlackElo "2103"]
[PlyCount "142"]
[EventDate "2016.04.02"]
[EventType "swiss"]
[EventRounds "7"]
[EventCountry "ESP"]
[SourceTitle "EXT 2024"]
[Source "ChessBase"]
[SourceDate "2023.10.10"]
[SourceVersion "1"]
[SourceVersionDate "2023.10.10"]
[SourceQuality "1"]

1. d4 d5 2. c4 c6 3. Nf3 Nf6 4. e3 a6 5. Bd3 Bg4 6. Nbd2 e6 7. 0-0 c5 8. cxd5 exd5 9. dxc5 Bxc5 10. h3 Bh5 11. Qa4+ Nbd7 12. b4 Bd6 13. Bb2 0-0 14. Qb3 Qe7 15. a3 Rfd8 16. Bd4 Bg6 17. Bxg6 hxg6 18. Qb2 Ne4 19. Rad1 a5 20. Bxg7 axb4 21. Bh6 Nc3 22. axb4 Qf6 23. Qb3 Nxd1 24. Bg5 Qc3 25. Bxd8 Qxb3 26. Nxb3 Nxe3 27. fxe3 Rxd8 28. Rd1 Nf6 29. b5 Kf8 30. Kf1 Ke7 31. Ra1 Kd7 32. Ke2 Kc7 33. Nfd4 Ne4 34. Nd2 Be5 35. Kd3 Nxd2 36. Kxd2 Bxd4 37. exd4 Kb6 38. Rf1 Rd7 39. Rb1 Re7 40. Kd3 Rc7 41. Rb2 Rc1 42. Rf2 f5 43. Re2 Kxb5 44. Re5 Rd1+ 45. Kc3 Rg1 46. Rxd5+ Kc6 47. Rc5+ Kd6 48. Rb5 Rxg2 49. Rxb7 g5 50. Kc4 Rc2+ 51. Kd3 Rh2 52. Rh7 g4 53. h4 g3 54. h5 Rh1 55. Rg7 f4 56. Ke4 Rxh5 57. Rg6+ Kd7 58. Kxf4 Rh1 59. Rxg3 Kd6 60. Ke4 Re1+ 61. Kd3 Ra1 62. Rg5 Rd1+ 63. Ke3 Re1+ 64. Kd2 Ra1 65. Rb5 Ra3 66. Rc5 Rh3 67. Rc3 Rh2+ 68. Kd3 Rh3+ 69. Kc4 Rxc3+ 70. Kxc3 Kd5 71. Kd2 Kxd4 1/2-1/2

[Event "Benidorm op U2300 12th"]
[Site "Benidorm"]
[Date "2013.12.06"]
[Round "9"]
[White "Bilquez, Romain"]
[Black "Cantero Navarro, Antonio"]
[Result "1/2-1/2"]
[WhiteElo "2152"]
[BlackElo "2262"]
[PlyCount "28"]
[EventDate "2013.11.29"]
[EventType "swiss"]
[EventRounds "10"]
[EventCountry "ESP"]
[SourceTitle "CBM 157 Extra"]
[Source "ChessBase"]
[SourceDate "2013.12.19"]
[SourceVersion "1"]
[SourceVersionDate "2013.12.19"]
[SourceQuality "1"]

1. e4 e5 2. Nf3 Nc6 3. d4 exd4 4. Bc4 Nf6 5. 0-0 Nxe4 6. Re1 d5 7. Bxd5 Qxd5 8. Nc3 Qh5 9. Nxe4 Be6 10. Bg5 Bd6 11. Nxd6+ cxd6 12. Bf4 0-0-0 13. c3 Qd5 14. Nxd4 Nxd4 1/2-1/2

[Event "Platja d'Aro Barcino"]
[Site "Platja d'Aro"]
[Date "2013.06.24"]
[Round "1"]
[White "Cantero Navarro, Antonio"]
[Black "Mladenov, Plamen"]
[Result "1/2-1/2"]
[WhiteElo "2254"]
[BlackElo "2405"]
[PlyCount "79"]
[EventDate "2013.06.24"]
[EventType "tourn"]
[EventRounds "9"]
[EventCountry "ESP"]
[EventCategory "3"]
[SourceTitle "EXT 2014"]
[Source "ChessBase"]
[SourceDate "2013.11.20"]
[SourceVersion "1"]
[SourceVersionDate "2013.11.20"]
[SourceQuality "1"]

1. e4 e5 2. Nf3 Nc6 3. Bc4 Nf6 4. d3 h6 5. c3 d6 6. 0-0 g6 7. d4 Qe7 8. Nbd2 Bg7 9. Re1 0-0 10. h3 Kh8 11. Nf1 Bd7 12. Ng3 Rae8 13. b4 exd4 14. cxd4 Nxb4 15. Rb1 Nc6 16. e5 dxe5 17. dxe5 Nh7 18. Rxb7 Bc8 19. Rb1 Ng5 20. Bb5 Nxf3+ 21. Qxf3 Nxe5 22. Qe3 c6 23. Ba3 Qh4 24. Bxf8 Rxf8 25. Bf1 f5 26. f4 g5 27. Ne2 Nc4 28. Qf2 Qxf2+ 29. Kxf2 Be6 30. Rb7 Bd5 31. Rxa7 gxf4 32. Rb1 Nd6 33. a4 Ne4+ 34. Ke1 Rd8 35. Rbb7 Bf6 36. Rh7+ Kg8 37. Rxh6 Bb3 38. Rg6+ Kh8 39. Rh6+ Kg8 40. Rg6+ 1/2-1/2

[Event "Palma de Mallorca"]
[Site "Palma de Mallorca"]
[Date "2013.02.21"]
[Round "6.4"]
[White "Cantero Navarro, Antonio"]
[Black "Mladenov, Plamen"]
[Result "1/2-1/2"]
[WhiteElo "2255"]
[BlackElo "2421"]
[PlyCount "91"]
[EventDate "2013.02.17"]
[EventType "swiss"]
[EventRounds "9"]
[EventCountry "ESP"]
[SourceTitle "EXT 2024"]
[Source "ChessBase"]
[SourceDate "2023.10.10"]
[SourceVersion "1"]
[SourceVersionDate "2023.10.10"]
[SourceQuality "1"]

1. e4 c5 2. Nf3 d6 3. d4 cxd4 4. Nxd4 Nf6 5. Nc3 Nc6 6. g3 Bg4 7. f3 Bd7 8. Bg2 g6 9. Be3 Bg7 10. Qd2 Ne5 11. b3 Rc8 12. Rd1 Qa5 13. Nde2 Bh3 14. 0-0 Bxg2 15. Kxg2 h5 16. h3 a6 17. Rf2 Nc6 18. Na4 Qxd2 19. Rxd2 Nd7 20. Nb6 Nxb6 21. Bxb6 Bh6 22. f4 f5 23. exf5 gxf5 24. h4 Kf7 25. c4 Bg7 26. Ng1 Bf6 27. Nf3 Rhf8 28. Ng5+ Bxg5 29. hxg5 Rh8 30. Kh3 Rcg8 31. Rd5 Kg6 32. Re2 Rh7 33. Kh4 Nb4 34. Rdd2 Nc6 35. a3 Nb8 36. Re6+ Kf7 37. Rde2 Nc6 38. b4 Ne5 39. R6xe5 dxe5 40. Rxe5 Rc8 41. Rxf5+ Kg6 42. Re5 Rxc4 43. Re6+ Kf5 44. Re5+ Kg6 45. Re6+ Kf5 46. Re5+ 1/2-1/2

[Event "Palma de Mallorca"]
[Site "Palma de Mallorca"]
[Date "2013.02.21"]
[Round "7.3"]
[White "Nicolas Zapata, Irene"]
[Black "Cantero Navarro, Antonio"]
[Result "1-0"]
[WhiteElo "2250"]
[BlackElo "2255"]
[PlyCount "85"]
[EventDate "2013.02.17"]
[EventType "swiss"]
[EventRounds "9"]
[EventCountry "ESP"]
[SourceTitle "EXT 2024"]
[Source "ChessBase"]
[SourceDate "2023.10.10"]
[SourceVersion "1"]
[SourceVersionDate "2023.10.10"]
[SourceQuality "1"]

1. e4 e5 2. Nf3 Nc6 3. Bb5 a6 4. Ba4 Nf6 5. 0-0 Be7 6. d3 b5 7. Bb3 d6 8. a4 Na5 9. Ba2 b4 10. Nbd2 Be6 11. Bxe6 fxe6 12. Ng5 Qd7 13. Qf3 Nc6 14. c3 0-0 15. Qh3 Nd8 16. d4 exd4 17. cxd4 h6 18. Ngf3 Qc6 19. Re1 Qc2 20. d5 e5 21. Nh4 Rf7 22. Nf5 Bf8 23. Qh4 c6 24. dxc6 Ne6 25. Qg3 Kh7 26. Qb3 Qxb3 27. Nxb3 g6 28. Ng3 Rc7 29. Bd2 a5 30. Rac1 Nc5 31. Nxc5 dxc5 32. f4 Rxc6 33. Red1 c4 34. fxe5 Ng4 35. Be1 Nxe5 36. Bf2 Rac8 37. Ne2 Nd3 38. Rb1 Re6 39. Ng3 Bg7 40. Rd2 b3 41. Be3 Rb8 42. h4 h5 43. Kh2 1-0

[Event "Palma de Mallorca"]
[Site "Palma de Mallorca"]
[Date "2013.02.19"]
[Round "3.1"]
[White "Cantero Navarro, Antonio"]
[Black "Ivanov, Jordan"]
[Result "1/2-1/2"]
[WhiteElo "2255"]
[BlackElo "2354"]
[PlyCount "49"]
[EventDate "2013.02.17"]
[EventType "swiss"]
[EventRounds "9"]
[EventCountry "ESP"]
[SourceTitle "EXT 2024"]
[Source "ChessBase"]
[SourceDate "2023.10.10"]
[SourceVersion "1"]
[SourceVersionDate "2023.10.10"]
[SourceQuality "1"]

1. e4 c5 2. Nf3 e6 3. d4 cxd4 4. Nxd4 Nc6 5. Nxc6 bxc6 6. Bd3 Nf6 7. Nc3 d5 8. 0-0 Be7 9. Qe2 0-0 10. b3 Nd7 11. Bb2 Nc5 12. Rad1 a5 13. Rfe1 Ra7 14. Kh1 a4 15. Nxa4 Nxa4 16. bxa4 Rxa4 17. exd5 cxd5 18. c4 Rxa2 19. cxd5 Bf6 20. Bxf6 Rxe2 21. Bxd8 Rxe1+ 22. Rxe1 Rxd8 23. Bc4 exd5 24. Bxd5 Rf8 25. Bf3 1/2-1/2

[Event "Benidorm op U2300 11th"]
[Site "Benidorm"]
[Date "2012.12.08"]
[Round "10"]
[White "Ivanov, Borislav"]
[Black "Cantero Navarro, Antonio"]
[Result "1-0"]
[WhiteElo "2201"]
[BlackElo "2251"]
[PlyCount "73"]
[EventDate "2012.11.30"]
[EventType "swiss"]
[EventRounds "10"]
[EventCountry "ESP"]
[SourceTitle "EXT 2014"]
[Source "ChessBase"]
[SourceDate "2013.11.20"]
[SourceVersion "1"]
[SourceVersionDate "2013.11.20"]
[SourceQuality "1"]

1. d4 d5 2. c4 e6 3. Nf3 Nf6 4. g3 Be7 5. Bg2 0-0 6. 0-0 dxc4 7. Qc2 a6 8. a4 Nc6 9. Qxc4 Qd5 10. Nbd2 Rd8 11. e3 Qh5 12. h3 Nd5 13. Qe2 Ndb4 14. Nc4 f6 15. e4 Bd7 16. Bf4 Rac8 17. Rfe1 Be8 18. Rad1 Nxd4 19. Rxd4 Rxd4 20. Nxd4 Qxe2 21. Nxe2 e5 22. Be3 Bxa4 23. Nc3 Nc2 24. Nd5 Bf8 25. Rc1 b5 26. Na5 Nxe3 27. Nxe3 c5 28. b3 Bxb3 29. Nxb3 c4 30. Bf1 Ra8 31. Nxc4 bxc4 32. Bxc4+ Kh8 33. Bd5 Rd8 34. Rc6 f5 35. Nc5 fxe4 36. Bxe4 Rd4 37. Rc8 1-0

[Event "Benidorm op U2300 11th"]
[Site "Benidorm"]
[Date "2012.12.06"]
[Round "8"]
[White "Belinchon Calleja, David"]
[Black "Cantero Navarro, Antonio"]
[Result "0-1"]
[WhiteElo "1996"]
[BlackElo "2251"]
[PlyCount "114"]
[EventDate "2012.11.30"]
[EventType "swiss"]
[EventRounds "10"]
[EventCountry "ESP"]
[SourceTitle "EXT 2014"]
[Source "ChessBase"]
[SourceDate "2013.11.20"]
[SourceVersion "1"]
[SourceVersionDate "2013.11.20"]
[SourceQuality "1"]

1. e4 e5 2. Nf3 Nc6 3. d4 exd4 4. Nxd4 Nf6 5. Nc3 Bb4 6. Nxc6 bxc6 7. Bd3 d5 8. exd5 cxd5 9. 0-0 0-0 10. Bg5 c6 11. Qf3 Be7 12. Rfe1 Re8 13. h3 h6 14. Bf4 Bd6 15. Rxe8+ Nxe8 16. Re1 Be6 17. Qg3 c5 18. Bxd6 Nxd6 19. Rd1 Qb6 20. b3 Rd8 21. Na4 Qc6 22. Qe3 d4 23. Qe5 Bd5 24. Bf1 Re8 25. Qh2 Ne4 26. Bd3 Ng5 27. Bf1 Bf3 28. Rc1 Be4 29. Qg3 Bd5 30. Bd3 c4 31. Bf1 Ne4 32. Qf3 Nd2 33. Qd1 c3 34. Qg4 Re4 35. Qg3 Nxf1 36. Kxf1 Re8 37. Rd1 Be4 38. Rxd4 Bxg2+ 39. Qxg2 Re1+ 40. Kxe1 Qxg2 41. Rd3 Qe4+ 42. Kf1 Qh1+ 43. Ke2 Qe4+ 44. Kf1 Qh1+ 45. Ke2 Qb1 46. Rxc3 Qxa2 47. Kd2 Qa3 48. Rd3 Qb4+ 49. Nc3 g5 50. Ke2 f5 51. Nd5 Qe4+ 52. Kd2 Kf7 53. c4 f4 54. c5 Qe5 55. Kc2 Qe2+ 56. Rd2 Qb5 57. b4 a5 0-1

[Event "Cala Rajada"]
[Site "Cala Rajada"]
[Date "2012.04.13"]
[Round "7"]
[White "Cantero Navarro, Antonio"]
[Black "Calzetta Ruiz, Monica"]
[Result "1/2-1/2"]
[WhiteElo "2234"]
[BlackElo "2300"]
[PlyCount "35"]
[EventDate "2012.04.09"]
[EventType "tourn"]
[EventRounds "9"]
[EventCountry "ESP"]
[EventCategory "2"]
[SourceTitle "EXT 2013"]
[Source "ChessBase"]
[SourceDate "2012.11.22"]
[SourceVersion "1"]
[SourceVersionDate "2012.11.22"]
[SourceQuality "1"]

1. e4 c5 2. Nf3 Nc6 3. d4 cxd4 4. Nxd4 g6 5. c4 Nf6 6. Nc3 d6 7. Be2 Nxd4 8. Qxd4 Bg7 9. Be3 0-0 10. Qd2 a5 11. 0-0 a4 12. Bd4 Bd7 13. Rad1 Bc6 14. Qe3 Nd7 15. Bxg7 Kxg7 16. Nd5 Bxd5 17. exd5 Re8 18. Rfe1 1/2-1/2